Tokyo Ghoul Quiz - Statistics

General Stats
  • This quiz has been taken 254 times
    211 since last reset
  • The average score is 5 of 23
Answer Stats
Question Answer % Correct
Who is known as the Gourmet? Shuu Tsukiyama
73%
Which ward was Anteiku located in? 20th Ward
38%
What is a ghoul's red eye called? Kakugan
38%
What is Kanae's real name? Karren
29%
What is Mutsuki's RC count? 3
28%
What is Takizawa also known as? T-OWL
27%
Who is Kurona's twin? Nashiro Yasuhisa
26%
What is Marude's first name? Itsuki
24%
Who is known as Little Mouse? Chie Hori
23%
Who founded the clowns? Roma Hoito
23%
What does Kanou believe the world is encased in? Birdcage
21%
Who killed Tatara? Seidou Takizawa
21%
What name does Furuta adopt upon becoming the bureau director of the CCG? Kichimura Washuu
20%
Where are half human investigators raised? Sunlit Garden
20%
Who is known as the Corpse Collector? Arata Kirishima
19%
What was Shikorae's birth name? Rio
19%
What condition does Haru Shirazu suffer from? ROS
19%
How are ghouls disposed of in Cochlea? Crushed
14%
Which Quinx member was born in Taiwan? Ching-Li Hsiao
13%
What is quinque was Noro made into? Ginkui
13%
What is Torso's real name? Karao Saeki
13%
What does Uta's neck tattoo mean? I cannot live with you nor without you
11%
What is the final work of Sen Takatsuki? King Bilegyr
5%
No matching quizzes found
Score Distribution
Percent of People with Each Score
Percentile by Number Answered
Your Score History
You have not taken this quiz since the last reset